| 000 | 00506nam a22001817a 4500 | ||
|---|---|---|---|
| 003 | OSt | ||
| 005 | 20140310182152.0 | ||
| 008 | 130830t xxu||||| |||| 00| 0 eng d | ||
| 050 |
_aTT 157 _b.D261 1989 |
||
| 082 |
_aHS 745.5 _bD298 1989 |
||
| 100 |
_aDavis, Virginia Irby _915820 |
||
| 245 |
_aCrafts : _ba basic survey / _cVirginia Irby Davis. |
||
| 260 |
_aDubuque,Iowa : _bWm.c. Brown Publisher, _c1989 |
||
| 300 |
_a313 p. ; _bill. ; _c28 cm. |
||
| 650 |
_aCrafts _915821 |
||
| 942 | _2lcc | ||
| 999 |
_c10033 _d10033 |
||